Wird geladen...
أنا الملكة يا أوغاريت /
| 1. Verfasser: | |
|---|---|
| Format: | Printed Book |
| LEADER | 00429nam a2200109Ia 4500 | ||
|---|---|---|---|
| 008 | 150527150527b xxu||||| |||| 00| 0 ara d | ||
| 082 | |a 812.8 | ||
| 100 | |a ملا، ناصر | ||
| 245 | |c by ملا، ناصر |a أنا الملكة يا أوغاريت / | ||
| 942 | |c BK | ||
| 999 | |c 174754 |d 174754 | ||
| 952 | |0 0 |1 0 |4 0 |6 812_800000000000000_ملا_أ |7 0 |9 193483 |a ARA |b ARA |c ST1 |d 2015-05-27 |i 8534 |l 0 |o 812.8 ملا/أ |p ARA008534 |r 2015-05-27 |w 2015-05-27 |y BK | ||